Nghiên cứu sự tạo phức của CAĐIMI (II) với Xilen da cam (XO) bằng phương pháp trắc quang và đánh gí khả năng ứng dụng trong phân tích Luận văn thạc Hóa học. Chuyên ngành: Hóa phân tích. Mã số: 60 44 29

Đã lưu trong:
书目详细资料
主要作者: Huỳnh, Thị Ngọc Mai
其他作者: Nguyễn Khắc Nghĩa (Hướng dẫn)
格式: Luận văn 工具包 图书
出版: Vinh Đại học Vinh 2012
主题:
标签: 添加标签
没有标签, 成为第一个标记此记录!
Thư viện lưu trữ: Trung tâm Học liệu Lê Vũ Hùng, Trường Đại học Đồng Tháp
LEADER 01301ppm a22003258a 4500
001 00036673
008 170315s2012 ||||||Viesd
005 20171026081025.0
041 0 # |a Vie 
082 1 4 |a 546  |b NGH305C 
100 1 # |a Huỳnh, Thị Ngọc Mai 
245 0 0 |a Nghiên cứu sự tạo phức của CAĐIMI (II) với Xilen da cam (XO) bằng phương pháp trắc quang và đánh gí khả năng ứng dụng trong phân tích  |b Luận văn thạc Hóa học. Chuyên ngành: Hóa phân tích. Mã số: 60 44 29  |c Huỳnh Thị Ngọc Mai; Nguyễn Khắc Nghĩa(hướng dẫn) 
260 # # |a Vinh  |b Đại học Vinh  |c 2012 
300 # # |a 102tr.  |c 30cm. 
500 # # |a ĐTTTS ghi: Bộ giáo dục và đào tạo. Đại học Vinh 
653 # # |a Hóa phân tích 
653 # # |a Cađimi (II) 
653 # # |a Luận văn 
653 # # |a Ứng dụng 
653 # # |a Xilen da cam (XO) 
653 # # |a Trắc quang 
653 # # |a Nghiên cứu 
700 1 # |a Nguyễn Khắc Nghĩa  |e Hướng dẫn 
852 # # |j LV.0001024 
852 # # |b Kho đọc SĐH  |j LV.0001024 
910 |d 15/03/2017 
980 # # |a Trung tâm Học liệu Lê Vũ Hùng, Trường Đại học Đồng Tháp